[Event "IECC TH-M-2361"]
[Site "IECC email"]
[Date "2004.01.14"]
[Round "?"]
[White "Wood, Brian"]
[Black "Just, Maik"]
[Result "0-1"]
[WhiteElo "1368"]
[BlackElo "1252"]
[PlyCount "100"]
[EventDate "2004.??.??"]
[EventType "tourn (corr)"]
[SourceTitle "Corr 2020"]
[Source "ChessBase"]
[SourceDate "2019.09.30"]
[SourceVersion "1"]
[SourceVersionDate "2019.09.30"]
[SourceQuality "1"]
[WhiteTeam "United States"]
[BlackTeam "Germany"]
[WhiteTeamCountry "USA"]
[BlackTeamCountry "GER"]

1. e4 c6 2. d4 d5 3. Nc3 dxe4 4. Nxe4 Nf6 5. Nxf6+ exf6 6. Nf3 Bd6 7. Bd3 0-0 8. 0-0 Re8 9. Re1 Nd7 10. Rxe8+ Qxe8 11. Be3 c5 12. Qe2 cxd4 13. Nxd4 Ne5 14. Nf5 Bxf5 15. Bxf5 g6 16. Bh3 Qc6 17. b3 Bc5 18. Bxc5 Qxc5 19. Rd1 b5 20. Kf1 b4 21. f4 Nc6 22. Qf2 Qa5 23. Rd6 Qb5+ 24. Kg1 f5 25. g3 Rc8 26. Bg2 Nb8 27. Qd4 Qa5 28. Rd5 Qc7 29. Bf1 Nc6 30. Qd3 Ne7 31. Rd7 Qc5+ 32. Kh1 Kf8 33. Rd8+ Rxd8 34. Qxd8+ Kg7 35. Bc4 Nc6 36. Qc7 Kh6 37. Qxf7 Qf2 38. Qf8+ Kh5 39. Qf6 Kg4 40. Bd3 Qf3+ 41. Kg1 Qe3+ 42. Kf1 Nd4 43. Qe5 Nxc2 44. Be2+ Kh3 45. Qxe3 Nxe3+ 46. Kg1 h5 47. Bf3 h4 48. gxh4 Kxh4 49. Kf2 Ng4+ 50. Bxg4 Kxg4 0-1

[Event "IECC M email"]
[Site "IECC email"]
[Date "2002.02.19"]
[Round "?"]
[White "Bernier, Denis"]
[Black "Just, Maik"]
[Result "0-1"]
[WhiteElo "1172"]
[BlackElo "1215"]
[PlyCount "96"]
[EventDate "2002.??.??"]
[EventType "tourn (corr)"]
[EventRounds "6"]
[SourceTitle "Corr 2008"]
[Source "ChessBase"]
[SourceDate "2008.06.24"]
[SourceVersion "1"]
[SourceVersionDate "2008.06.24"]
[SourceQuality "1"]

1. e4 c6 2. Nf3 d5 3. e5 Bg4 4. h3 Bxf3 5. Qxf3 e6 6. a3 Qc7 7. d4 c5 8. Be3 cxd4 9. Bb5+ Nc6 10. Bxd4 0-0-0 11. c3 Nxd4 12. cxd4 a6 13. Ba4 Qc1+ 14. Bd1 Qxb2 15. Qc3+ Qxc3+ 16. Nxc3 Kb8 17. 0-0 Rc8 18. Na4 b5 19. Nc5 Bxc5 20. dxc5 Rxc5 21. Bh5 g6 22. Be2 Rc2 23. Rfe1 Kb7 24. Rac1 Rxc1 25. Rxc1 f6 26. a4 fxe5 27. axb5 axb5 28. Bxb5 Nf6 29. Rc6 Re8 30. f3 Nh5 31. Kh2 Re7 32. Rd6 Ng7 33. Rd7+ Rxd7 34. Bxd7 Kc7 35. Bb5 Kd6 36. g4 Kc5 37. Bd7 Kd4 38. Kg2 Ke3 39. Bb5 d4 40. Bc4 d3 41. Kf1 d2 42. Bb3 Kxf3 43. Bd1+ Ke3 44. h4 e4 45. Kg2 h5 46. gxh5 Nxh5 47. Kh3 Kf2 48. Bc2 e3 0-1